| 000 | 00398nam a22001697a 4500 | ||
|---|---|---|---|
| 003 | CEME | ||
| 005 | 20210628202209.0 | ||
| 008 | 210113b xxu||||| |||| 00| 0 eng d | ||
| 020 | _a9788120347106 | ||
| 040 | _c. | ||
| 082 | _a629.8 SAR | ||
| 100 |
_aSarkar, B.N _958711 |
||
| 245 | _aAdvanced control systems | ||
| 260 |
_aINDIA _bPHI LEARNING _c2013 |
||
| 300 | _aXII, 355P | ||
| 942 |
_cBK _2ddc |
||
| 999 |
_c568844 _d568844 |
||